00302nam a22001337a 4500003000700000005001700007008004100024082001900065100001100084245002400095260002400119300000800143650001700151MPLRDC20220104125420.0210129b ||||| |||| 00| 0 eng d a857.9 NK-6 v.3 a倪匡 a六指琴魔. 三c ab广记书报社c b平 a武侠小说